000 00468nam a2200181Ia 4500
008 240925s9999 xx 000 0 und d
020 _a8176357278
082 _a005.7565 COR
100 _aCorporation, Boss
245 0 _aUsing Oracle® 11i
250 _aNA
260 _aNew Delhi:
_bTechmedia
_c,2004.
300 _axxii,528p.
_b4
_fPirated
500 _aNA
600 _aComputer Science
650 _aComputer science, information & general works
942 _cBK
999 _c8232
_d8232